Online
Catalog

Visión del México contemporáneo. (Record no. 14195)

MARC details
000 -CABECERA
campo de control de longitud fija 01255cam a2200289 a 4500
001 - NÚMERO DE CONTROL
campo de control 000014610
003 - IDENTIFICADOR DEL NÚMERO DE CONTROL
campo de control DO-SdBNP
005 - FECHA Y HORA DE LA ÚLTIMA TRANSACCIÓN
campo de control 20231109104417.0
008 - DATOS DE LONGITUD FIJA--INFORMACIÓN GENERAL
campo de control de longitud fija 801113s1979 mx 100 0 spa d
020 ## - NÚMERO INTERNACIONAL ESTÁNDAR DEL LIBRO
Número Internacional Estándar del Libro 9681200519
035 ## - NÚMERO DE CONTROL DEL SISTEMA
Número de control de sistema (DLC) 80125432
040 ## - FUENTE DE LA CATALOGACIÓN
Centro catalogador/agencia de origen DO-SdBNP
Lengua de catalogación spa
Centro/agencia transcriptor BNPHU
082 #4 - NÚMERO DE LA CLASIFICACIÓN DECIMAL DEWEY
Número de clasificación 972.0833
Número de documento/Ítem V831
Número de edición 22
111 2# - ENTRADA PRINCIPAL--NOMBRE DE CONGRESO/REUNIÓN
Nombre de congreso/reunión o jurisdicción como elemento de entrada Simposio sobre México Hoy
Fecha del congreso/reunión (1978)
9 (RLIN) 33086
245 10 - MENCIÓN DE TÍTULO
Título Visión del México contemporáneo.
260 ## - PUBLICACIÓN, DISTRIBUCIÓN, ETC.
Lugar de publicación, distribución, etc. México :
Nombre del editor, distribuidor, etc. Colegio de México,
Fecha de publicación, distribución, etc. 1979.
300 ## - DESCRIPCIÓN FÍSICA
Extensión 148 p. ;
Dimensiones 20 cm.
500 ## - NOTA GENERAL
Nota general Documentos presentados originalmente en el Simposio hoy sobre México, 1978.
651 #4 - PUNTO DE ACCESO ADICIONAL DE MATERIA--NOMBRE GEOGRÁFICO
Nombre geográfico México
Subdivisión general Política y gobierno
Subdivisión cronológica 1970-1988
Subdivisión de forma Congresos, conferencias, etc.
9 (RLIN) 33087
651 #4 - PUNTO DE ACCESO ADICIONAL DE MATERIA--NOMBRE GEOGRÁFICO
Nombre geográfico México
Subdivisión general Condiciones económicas
Subdivisión cronológica 1970-1982
Subdivisión de forma Congresos, conferencias, etc.
9 (RLIN) 33088
651 #4 - PUNTO DE ACCESO ADICIONAL DE MATERIA--NOMBRE GEOGRÁFICO
Nombre geográfico México
Subdivisión general Condiciones sociales
Subdivisión cronológica 1970-
9 (RLIN) 33089
Subdivisión de forma Congresos, conferencias, etc.
651 #4 - PUNTO DE ACCESO ADICIONAL DE MATERIA--NOMBRE GEOGRÁFICO
Nombre geográfico México
Subdivisión general Relaciones exteriores
9 (RLIN) 3674
Subdivisión de forma Congresos, conferencias, etc.
651 #4 - PUNTO DE ACCESO ADICIONAL DE MATERIA--NOMBRE GEOGRÁFICO
Nombre geográfico México
Subdivisión general Relaciones económicas exteriores
Subdivisión geográfica Estados Unidos
9 (RLIN) 33090
Subdivisión de forma Congresos, conferencias, etc.
651 #4 - PUNTO DE ACCESO ADICIONAL DE MATERIA--NOMBRE GEOGRÁFICO
Nombre geográfico Estados Unidos
Subdivisión general Relaciones exteriores
Subdivisión geográfica México
9 (RLIN) 33091
Subdivisión de forma Congresos, conferencias, etc.
910 ## - DATOS DE OPCIÓN DEL USUARIO (OCLC)
Datos de opción del usuario Catalogación por copia / LC
942 ## - ELEMENTOS DE PUNTO DE ACCESO ADICIONAL (KOHA)
Fuente del sistema de clasificación o colocación Dewey Decimal Classification
Tipo de ítem Koha Libro
Holdings
Estado de retiro Estado de pérdida Restricciones de uso No para préstamo Código de colección Localización permanente Ubicación/localización actual Ubicación en estantería Fecha de adquisición Número de inventario Total de préstamos Signatura topográfica completa Código de barras Fecha visto por última vez Precio válido a partir de Tipo de ítem Koha
      Excluido de préstamo Monografías: Libros y Folletos General General En catalogación 15.01.2010 LF1   972.0833 V831 14610-10 25.06.2020 25.06.2020 No se presta

Powered by Koha